000 00626nam a2200217Ii 4500
001 18963
003 CO-ViMGA
008 241108s9999||||xx |||||||||||||| ||und||
020 _a9589138527
040 _aCO-ViMGA
_bspa
_erda
_cCO-ViMGA
041 0 _aspa
082 0 4 _aR 635.9 C64c
100 1 _aBenjamín Villegas Jiménez
_945172
245 1 0 _aColombia tierra de flores
264 1 _aBogotá, Colombia : Villegas Editores, 1990
300 _avolumen
336 _atext
_btxt
_2rdacontent
337 _aunmediated
_bn
_2rdamedia
338 _avolume
_bnc
_2rdacarrier
940 _aidficha_siabuc: 18620. -- ficha_no_siabuc:18963
999 _c39671
_d39671